Geografía descriptiva: compendio de geometría descriptiva para técnicos

Kaydedildi:
Detaylı Bibliyografya
Yazar: Leighton Wellman, B (Yazar)
Materyal Türü: Kitap
Dil:İspanyolca
Baskı/Yayın Bilgisi: Barcelona Reverté S.A 1987
Konular:
Etiketler: Etiketle
Etiket eklenmemiş, İlk siz ekleyin!

MARC

LEADER 00000nam a2200000 a 4500
001 UCG3063
003 CL-VaPUC
008 100805e19870000SP |||||||||||||||||spa|d
020 |a 9788429150902 
082 0 4 |a 516.6  |b LEI  |2 21 
100 0 |a Leighton Wellman, B  |e author  |9 551867 
245 1 0 |a Geografía descriptiva: compendio de geometría descriptiva para técnicos 
300 |a 622 p 
942 |c BK 
945 |d 20100805 00:00:00  |a mfarfan 
260 |a Barcelona  |b Reverté S.A  |c 1987 
650 7 |a GEOMETRIA DESCRIPTIVA  |2 CL-VaPUC  |9 260478 
650 7 |a PUNTOS  |2 CL-VaPUC  |9 380046 
650 0 |a Vectores  |9 317184 
650 0 |a Minería  |9 326008 
583 |a last modification  |c 20100805 00:00:00  |k Rodrigo Vera 
999 |c 342161  |d 342159 
952 |0 0  |1 0  |4 0  |6 516_600000000000000_LEI_1987  |7 0  |8 A  |9 438166  |a BIBARQ  |b BIBARQ  |d 2019-11-22  |i 4703782  |o 516.6 LEI 1987  |p 4703782  |r 2025-01-20  |w 2019-11-22  |y BK  |k ARQ